Kalau tak untung / (Record no. 84905)

MARC details
000 -LEADER
fixed length control field 00612cam a22002291 4500
001 - CONTROL NUMBER
control field sa 68013037
003 - CONTROL NUMBER IDENTIFIER
control field DLC
005 - DATE AND TIME OF LATEST TRANSACTION
control field 20260227112619.0
008 - FIXED-LENGTH DATA ELEMENTS--GENERAL INFORMATION
fixed length control field 860501s1965 io a 000 1 ind
010 ## - LIBRARY OF CONGRESS CONTROL NUMBER
LC control number sa 68013037
025 ## - OVERSEAS ACQUISITION NUMBER
Overseas acquisition number PL480:Indo-3131
035 ## - SYSTEM CONTROL NUMBER
System control number (OCoLC)13518348
040 ## - CATALOGING SOURCE
Original cataloging agency DLC
Transcribing agency IDeKN
Modifying agency WU
-- DLC
042 ## - AUTHENTICATION CODE
Authentication code premarc
050 00 - LIBRARY OF CONGRESS CALL NUMBER
Classification number PL5089.S44
Item number K3 1965
100 0# - MAIN ENTRY--PERSONAL NAME
Personal name Selasih.
245 10 - TITLE STATEMENT
Title Kalau tak untung /
Statement of responsibility, etc. diberi bergambar 5 buah oleh Dahlan Djazh.
250 ## - EDITION STATEMENT
Edition statement Tjet. 7.
260 ## - PUBLICATION, DISTRIBUTION, ETC.
Place of publication, distribution, etc. Djakarta :
Name of publisher, distributor, etc. Balai Pustaka,
Date of publication, distribution, etc. 1965.
300 ## - PHYSICAL DESCRIPTION
Extent 188 p. :
Other physical details ill. ;
Dimensions 18 cm.
500 ## - GENERAL NOTE
General note A novel.

No items available.

Powered by Koha